<?xml version="1.0" encoding="UTF-8"?>
<record
    xmlns:xsi="http://www.w3.org/2001/XMLSchema-instance"
    xsi:schemaLocation="http://www.loc.gov/MARC21/slim http://www.loc.gov/standards/marcxml/schema/MARC21slim.xsd"
    xmlns="http://www.loc.gov/MARC21/slim">

  <leader>01120nam a2200385 c 4500</leader>
  <controlfield tag="001"> 562 </controlfield>
  <controlfield tag="003">DO-SdBNP</controlfield>
  <controlfield tag="005">20161010140057.0</controlfield>
  <controlfield tag="007"> 562 </controlfield>
  <controlfield tag="008">150331s1999   sp a   | |||| 001 0 spa  </controlfield>
  <datafield tag="017" ind1=" " ind2=" ">
    <subfield code="a"> </subfield>
    <subfield code="b"> </subfield>
  </datafield>
  <datafield tag="020" ind1=" " ind2=" ">
    <subfield code="a"> </subfield>
    <subfield code="q"> </subfield>
  </datafield>
  <datafield tag="020" ind1=" " ind2=" ">
    <subfield code="a">8423952002</subfield>
    <subfield code="q">obra completa</subfield>
  </datafield>
  <datafield tag="035" ind1=" " ind2=" ">
    <subfield code="a"> </subfield>
  </datafield>
  <datafield tag="040" ind1=" " ind2=" ">
    <subfield code="a">BPMSU</subfield>
    <subfield code="b">spa</subfield>
    <subfield code="c">BPMSU</subfield>
    <subfield code="e"> </subfield>
  </datafield>
  <datafield tag="080" ind1=" " ind2=" ">
    <subfield code="a"> </subfield>
  </datafield>
  <datafield tag="080" ind1=" " ind2=" ">
    <subfield code="a">  </subfield>
  </datafield>
  <datafield tag="082" ind1=" " ind2=" ">
    <subfield code="a">709 </subfield>
    <subfield code="b">S955a</subfield>
  </datafield>
  <datafield tag="100" ind1="1" ind2=" ">
    <subfield code="a"> </subfield>
    <subfield code="4"> </subfield>
  </datafield>
  <datafield tag="245" ind1="1" ind2="0">
    <subfield code="a">Summa artis :</subfield>
    <subfield code="c"> Mar&#xED;a Elena G&#xF3;mez-Moreno ... [et al.].</subfield>
    <subfield code="b">historia general del arte  /</subfield>
  </datafield>
  <datafield tag="260" ind1=" " ind2=" ">
    <subfield code="a">Madrid :</subfield>
    <subfield code="b">Espasa-Calpe</subfield>
    <subfield code="c">1999 </subfield>
  </datafield>
  <datafield tag="300" ind1=" " ind2=" ">
    <subfield code="a"> v. :</subfield>
    <subfield code="b">il., mapas  </subfield>
    <subfield code="c">28 cm</subfield>
  </datafield>
  <datafield tag="336" ind1=" " ind2=" ">
    <subfield code="a"> </subfield>
    <subfield code="2"> </subfield>
  </datafield>
  <datafield tag="337" ind1=" " ind2=" ">
    <subfield code="a"> </subfield>
    <subfield code="2"> </subfield>
  </datafield>
  <datafield tag="490" ind1="1" ind2=" ">
    <subfield code="a">Summa artis : historia general del arte</subfield>
    <subfield code="v">v. 35-/46/45</subfield>
  </datafield>
  <datafield tag="504" ind1=" " ind2=" ">
    <subfield code="a">Bibliograf&#xED;a </subfield>
  </datafield>
  <datafield tag="505" ind1=" " ind2=" ">
    <subfield code="a">v. 35  Pintura y escultura espa&#xF1;ola.--  46  Artes decorativas en Europa -- v.47 Las artes decorativas en Espa&#xF1;a </subfield>
  </datafield>
  <datafield tag="600" ind1=" " ind2=" ">
    <subfield code="v"> </subfield>
  </datafield>
  <datafield tag="650" ind1=" " ind2="7">
    <subfield code="a"> HISTORIA DEL ARTE  </subfield>
    <subfield code="y"> </subfield>
    <subfield code="2"> </subfield>
  </datafield>
  <datafield tag="650" ind1=" " ind2="7">
    <subfield code="a">CR&#xCD;TICA DE ARTE </subfield>
    <subfield code="y"> </subfield>
    <subfield code="2"> </subfield>
  </datafield>
  <datafield tag="700" ind1=" " ind2=" ">
    <subfield code="a"> </subfield>
  </datafield>
  <datafield tag="830" ind1=" " ind2="0">
    <subfield code="a">Summa artis</subfield>
    <subfield code="v">v. 35-/46/45</subfield>
  </datafield>
  <datafield tag="942" ind1=" " ind2=" ">
    <subfield code="2">ddc</subfield>
    <subfield code="c">BK</subfield>
  </datafield>
  <datafield tag="952" ind1=" " ind2=" ">
    <subfield code="0">0</subfield>
    <subfield code="1">0</subfield>
    <subfield code="2">ddc</subfield>
    <subfield code="4">0</subfield>
    <subfield code="7">0</subfield>
    <subfield code="8">CG</subfield>
    <subfield code="a">BPMET</subfield>
    <subfield code="b">BPMET</subfield>
    <subfield code="d">2016-10-10</subfield>
    <subfield code="e">compra</subfield>
    <subfield code="l">0</subfield>
    <subfield code="o">709  S955a</subfield>
    <subfield code="p">BPMET16100030</subfield>
    <subfield code="r">2016-10-10</subfield>
    <subfield code="t">v. 35</subfield>
    <subfield code="w">2016-10-10</subfield>
    <subfield code="y">BK</subfield>
  </datafield>
  <datafield tag="952" ind1=" " ind2=" ">
    <subfield code="0">0</subfield>
    <subfield code="1">0</subfield>
    <subfield code="2">ddc</subfield>
    <subfield code="4">0</subfield>
    <subfield code="7">0</subfield>
    <subfield code="8">CG</subfield>
    <subfield code="a">BPMET</subfield>
    <subfield code="b">BPMET</subfield>
    <subfield code="d">2016-10-10</subfield>
    <subfield code="e">Compra</subfield>
    <subfield code="l">0</subfield>
    <subfield code="o">709  S955a</subfield>
    <subfield code="p">BPMET16100031</subfield>
    <subfield code="r">2016-10-10</subfield>
    <subfield code="t">v. 46</subfield>
    <subfield code="w">2016-10-10</subfield>
    <subfield code="y">BK</subfield>
  </datafield>
  <datafield tag="952" ind1=" " ind2=" ">
    <subfield code="0">0</subfield>
    <subfield code="1">0</subfield>
    <subfield code="2">ddc</subfield>
    <subfield code="4">0</subfield>
    <subfield code="7">0</subfield>
    <subfield code="8">CG</subfield>
    <subfield code="a">BPMET</subfield>
    <subfield code="b">BPMET</subfield>
    <subfield code="d">2016-10-10</subfield>
    <subfield code="e">Compra</subfield>
    <subfield code="l">0</subfield>
    <subfield code="o">709  S955a</subfield>
    <subfield code="p">BPMET16100032</subfield>
    <subfield code="r">2016-10-10</subfield>
    <subfield code="t">v. 45</subfield>
    <subfield code="w">2016-10-10</subfield>
    <subfield code="y">BK</subfield>
  </datafield>
  <datafield tag="956" ind1=" " ind2=" ">
    <subfield code="a"> VMATEO</subfield>
    <subfield code="b">10</subfield>
    <subfield code="c">20161010</subfield>
    <subfield code="d">BPMSU</subfield>
    <subfield code="f">0069</subfield>
  </datafield>
  <datafield tag="999" ind1=" " ind2=" ">
    <subfield code="c">11509</subfield>
    <subfield code="d">11509</subfield>
  </datafield>
</record>
